Racionalizácia sekretárskych prác

Uložené v:
Podrobná bibliografia
Hlavný autor: Boleček, Rudolf
Korporativný autor: Ústredná ekonomická knižnica pri VŠE
Médium: Kniha
Jazyk:Slovak
Vydavateľské údaje: Bratislava Slovenské pedagogické nakladateľstvo 1969
Vydanie:1. vyd.
Tagy: Pridať tag
Žiadne tagy, Buďte prvý, kto otaguje tento záznam!

MARC

LEADER 00000nam a2200000 4500
001 c032670
005 20221220103637.5
041 0 |a slo 
044 |a SK 
245 1 0 |a Racionalizácia sekretárskych prác  |c Rudolf Boleček 
250 |a 1. vyd. 
264 1 |a Bratislava  |b Slovenské pedagogické nakladateľstvo  |c 1969 
300 |a 238 s. 
100 1 |a Boleček, Rudolf 
710 2 |a Ústredná ekonomická knižnica pri VŠE